01356nam a2200313 a 4500001001200000003000800012006001900020007001500039008004100054010001700095020003600112020003500148040002100183035002100204050002600225082002400251100002100275245013200296260005300428300002300481504006400504533015200568650005900720650007400779655002900853710001700882856012600899999001701025ebr10015596CaPaEBRm u cr cn|||||||||970822s1998 hiua sb s001 0 eng  z 97037899  z0824819446 (cloth : alk. paper) z0824820045 (pbk. : alk. paper) aCaPaEBRcCaPaEBR a(OCoLC)61461013214aHQ1764.N3bT35 1998eb04a305.42/0952/1632211 aTamanoi, Mariko.10aUnder the shadow of nationalismh[electronic resource] :bpolitics and poetics of rural Japanese women /cMariko Asano Tamanoi. aHonolulu :bUniversity of Hawai'i Press,cc1998. axi, 273 p. :bill. aIncludes bibliographical references (p. 239-261) and index. aElectronic reproduction.bPalo Alto, Calif. :cebrary,d2013.nAvailable via World Wide Web.nAccess may be limited to ebrary affiliated libraries. 0aRural womenzJapanzNagano-kenxHistoryy20th century. 0aWomen in rural developmentzJapanzNagano-kenxHistoryy20th century. 7aElectronic books.2local2 aebrary, Inc.40uhttp://site.ebrary.com/lib/rucke/Doc?id=10015596zAn electronic book accessible through the World Wide Web; click to view c27918d27918